BIBLIOTECA PODER JUDICIAL
Portal Judicial TDF

Violencia en la escuela : (Registro nro. 6274)

000 -LEADER
fixed length control field 01132nab a22002297a 4500
003 - CONTROL NUMBER IDENTIFIER
control field OSt
005 - DATE AND TIME OF LATEST TRANSACTION
control field 20260128203901.0
008 - FIXED-LENGTH DATA ELEMENTS--GENERAL INFORMATION
fixed length control field 190514b xxu||||| |||| 00| 0 spa d
040 ## - CATALOGING SOURCE
Transcribing agency PJ
100 ## - MAIN ENTRY--PERSONAL NAME
9 (RLIN) 6976
Personal name Chuburu, Agostina Belén
245 10 - TITLE STATEMENT
Title Violencia en la escuela :
Statement of responsibility, etc responsabilidad de las instituciones ante el deber de protección hacia NNA /
Remainder of title Agostina Belén Chuburu.
300 ## - PHYSICAL DESCRIPTION
Extent p. 168-173
500 ## - GENERAL NOTE
General note Cita: TR LALEY AR/DOC/2718/2025.
505 ## - FORMATTED CONTENTS NOTE
Formatted contents note Sumario: I. Introducción.— II. Extracto del caso.— III. Sentencia.— IV. Protección reforzada en entornos escolares.— V. Reflexiones finales.
505 ## - FORMATTED CONTENTS NOTE
Title Fallo comentado: TGestión Asociada, Nro. 2 Mendoza ~ 19/06/2025 ~ C. S. A. D. c. Dirección General de Escuelas s/ proceso de consumo.
650 #0 - SUBJECT ADDED ENTRY--TOPICAL TERM
9 (RLIN) 967
Topical term or geographic name as entry element DERECHO DE FAMILIA
650 #0 - SUBJECT ADDED ENTRY--TOPICAL TERM
9 (RLIN) 2584
Topical term or geographic name as entry element VIOLENCIA
650 #0 - SUBJECT ADDED ENTRY--TOPICAL TERM
9 (RLIN) 3318
Topical term or geographic name as entry element ESTABLECIMIENTOS EDUCACIONALES
650 #0 - SUBJECT ADDED ENTRY--TOPICAL TERM
9 (RLIN) 1057
Topical term or geographic name as entry element JURISPRUDENCIA APLICABLE
773 0# - HOST ITEM ENTRY
Host Biblionumber 2844
Host Itemnumber 3222
Place, publisher, and date of publication Buenos Aires : AbeledoPerrot, 1989-
Title Derecho de familia. Revista Interdisciplinaria de doctrina y jurisprudencia. Diciembre 2025-VI.
International Standard Book Number 18511201
942 ## - ADDED ENTRY ELEMENTS (KOHA)
Source of classification or shelving scheme
Koha item type Analítica Artículo de Revista

No hay ítems disponibles.

12 de Octubre 789 Ushuaia - Tel:  54(02901)441571
Horario de Atención: 8.00 a 17.00 hs. 
bibliotecaush@justierradelfuego.gov.ar
koha@justierradelfuego.gov.ar
Seguinos en nuestras redes @bibliojustdf 

Con tecnología Koha